Géographie de l'abbé Gaultier, entièrement refondue et considérablement augmentée par Dellignières [sic], Demoyencourt, Ducros (de Sixt) et Le Clerc aîné, ses élèves

Gespeichert in:
Bibliographische Detailangaben
1. Verfasser: [GAULTIER, Louis Edouard Camille] Abbé
Weitere Verfasser: DELLIGNIÈRES [DE BLIGNIÈRES] [augmenté]/DEMOYENCOURT [augmenté]/DUCROS (de Sixt) [augmenté]/LE CLERC [augmenté]
Format: keine Angabe
Sprache:Französisch
Erschienen: Bruxelles Imprimerie et librairie de V. Wouters 1850
Ausgabe:19e édition, revue et augmentée
Katalog:MANES:  Suchergebnis im Bibliothekskatalog
Schulbuchspezifische Eigenschaften:
Schlagworte:
Tags: Tag hinzufügen
Keine Tags, Fügen Sie den ersten Tag hinzu!
Hinzugefügt zu:26.04.2016

MARC

LEADER 000000000a22000000004500
001 23664
008 160427s be ||||| |||| 00| 0 fre d
040 |a manes  |c manes 
041 |a Francés 
100 1 |a [GAULTIER, Louis Edouard Camille]  |b Abbé 
245 0 0 |a Géographie de l'abbé Gaultier, entièrement refondue et considérablement augmentée par Dellignières [sic], Demoyencourt, Ducros (de Sixt) et Le Clerc aîné, ses élèves 
250 |a 19e édition, revue et augmentée 
260 3 |a Bruxelles  |b Imprimerie et librairie de V. Wouters  |c 1850 
300 |a 408 p. 
500 |a CaA, 1846 
546 |a Bélgica 
650 7 |a Geografía 
655 7 |a Primaria 
700 1 |a DELLIGNIÈRES [DE BLIGNIÈRES] [augmenté]/DEMOYENCOURT [augmenté]/DUCROS (de Sixt) [augmenté]/LE CLERC [augmenté] 
942 |2 ddc  |c BK 
999 |c 45992  |d 45992 
999 |c manes:45992  |d 45992